| 000 | 00410nam a2200145Ia 4500 | ||
|---|---|---|---|
| 008 | 230411s9999 xx 000 0 und d | ||
| 020 | _a81-900984-1-1 | ||
| 041 | _aeng | ||
| 082 | _aE/616.2/BHA/BHA/B00587 | ||
| 100 |
_aBhargava Krishnakant & Bhargava Samir _9176654 |
||
| 245 | _aShort Textbook of ENT Diseases | ||
| 260 |
_bUsha Publications _aMumbai _c1999 |
||
| 300 | _a488p | ||
| 999 |
_c152048 _d152048 |
||